| 000 | 00835nam a22002177a 4500 | ||
|---|---|---|---|
| 999 |
_c1810 _d1810 |
||
| 003 | AR-CdUCM | ||
| 008 | 190228b ||||| |||| 00| 0 spa d | ||
| 020 | _a9972890163 | ||
| 040 |
_aMUNICIPALIDAD PROVINCIAL DEL CUSCO _cBIBLIOTECA MUNICIPAL DEL CUSCO |
||
| 082 |
_a352 / _bD41 |
||
| 100 |
_aDiez Canseco Cisneros, Javier _96651 |
||
| 245 |
_aDecretos secretos y mal uso de los fondos públicos : _bEl Perú bajo el fujimorismo / |
||
| 260 |
_aPerú : _bEdit. Del congreso del Peru, _c2003 |
||
| 300 |
_a236 paginas ; _c22 cm. |
||
| 505 | _aDepositando fondos públicos --Defensa y control de los fondos públicos --Defensa de los fondos públicos como recursos del estado ... | ||
| 650 |
_aDerechos _96548 |
||
| 650 |
_aLegislaciones _96349 |
||
| 650 |
_aFondos publicos _96652 |
||
| 942 |
_2ddc _cLIBROS |
||
| 945 |
_arjall _d2019-02-28 |
||